000 00654nam a2200229 a 4500
001 18723
003 CO-ViMGA
005 20250801162557.0
008 141112s2004 ck r 000 u spa d
020 _a8429160477
040 _aCO-ViMGA
_bspa
_cCO-ViMGA
082 0 4 _a671 M351
100 1 _aDietmar, Falk; Gockel, Hans - Klaus; Lernet, Franz
_926670
245 1 0 _aMetalotecnia Fundamental
260 _aBarcelona,
_cEditorial Reverte,
_cS.A.,
_c1986
300 _a336 p.
590 _aForma de adquisición : Premio Min - cultura
650 1 4 _aMETALES - MANUFACTURA
_926671
650 1 4 _aMETALURGIA
_954971
942 _2ddc
_cBK
999 _c27956
_d27956